Регионална библиотека "Любен Каравелов" - Русе

Concertos and sinfonias (Запис номер 525065)

MARC детайли
000 -Лидер
Лидер 02265njm a2200289 a 4500
003 - Код на организацията, давaща контролен номер
Код на организацията, даваща контролен номер BLK
005 - Дата и час на последна редакция
Дата и час на последна редакция 20250116094140.0
007 - Фиксирано поле за физическо описани
Физическо описание sd bmmalaaahaa
008 - Елементи от данни с фиксирана дължина
Елементи с фиксирана дължина 221104b bu |||||s|||| 00| | bu d
028 ## - PUBLISHER NUMBER
Издателски номер SLPD 12547
040 ## - Източник на каталожния запис
Код на библиотеката BLK
041 ## - Код за език
Език на записа Унгарски
Език за КДБФ Други
080 ## - УДК
УДК текст Концерти, инструментални
УДК код 785.6
УДК – определител (086.72)
УДК – код + определител 785.6(086.72)
080 ## - УДК
УДК текст Симфонии. За симфоничен оркестър
УДК код 785.11.082.1
УДК – определител (086.72)
УДК – код + определител 785.11.082.1(086.72)
100 1# - Редна дума - Автор
R(LIN) 27390
Автор Vivaldi, Antonio
245 ## - Сведения за заглавието
Заглавие Concertos and sinfonias
Авторска отговорност Antonio Vivaldi; Capella Savaria, dir. Nicholas McGegan
260 ## - Област на издателските данни
Място на издаване Budapest
Име на издателя Hungaroton
Година на издаване 1986
9 (RLIN) 215466
300 ## - Физическа характеристика
Брой страници 1 грамофонна плоча, двустранна
Илюстрации 33 об/мин, стерео
Размер 30 см
380 ## - Жанр
Жанр Изкуство
500 ## - Общи забележки
Обща забележка Страна А<br/>Concerto In C Major For Strings And Harpsichord RV 117 (5:30)<br/>A1 I. Allegro (Alla Francese) <br/>A2 II. Largo <br/>A3 III. Allegro <br/>Concerto In G Minor For Strings And Harpsichord RV 157 (5:50)<br/>A4 I. Allegro <br/>A5 II. Largo <br/>A6 III. Allegro <br/>Concerto [Sinfonia] In G Major For Strings And Harpsichord RV 146 (6:20)<br/>A7 I. Allegro <br/>A8 II. Andante (E Sempro Piano - Vivace) <br/>A9 III. Presto (Allegro) <br/>Sinfonia In B Minor For Strings "Al Santo Sepolcro" RV 169 (3:13)<br/>A10 Adagio Molto <br/>A11 Allegro Ma Poco
500 ## - Общи забележки
Обща забележка Страна В<br/>Sonata In E Flat Major For Two Violins, Viola And Basso Continuo "Al Santo Sepolcro" RV 130 (3:20)<br/>B1 Largo Molto <br/>B2 Allegro Ma Poco [Andante] <br/>Concerto In B Flat Major For Strings And Harpsichord RV 163 (4:03)<br/>B3 I. (Allegro Molto Moderato) <br/>B4 II. Andante (Molto) <br/>B5 III. Allegro <br/>Concerto In C Minor For Strings And Harpsichord RV 119 (4:47)<br/>B6 I. Allegro <br/>B7 II. Largo <br/>B8 III. Allegro <br/>Sinfonia In G Major For Strings And Harpsichord RV 149 (5:50)<br/>B9 I. Allegro Molto <br/>B10 II. Andante <br/>B11 III. Allegro <br/>Concerto In C Major For Strings And Harpsichord RV 114 (5:42)<br/>B12 I. Allegro - Adagio <br/>B13 II. Gianccona (Allegro Ma Non Troppo)
653 ## - Ключова дума – ненормативна
9 (RLIN) 471325
Ключови думи симфонични концерти
852 ## - Местоположение
Сигнатура (форматна) Ф ІІ 7872
Отдел Хранилище
856 ## - Електронен адрес и достъп
Инструкция (цена за достъп) 0.00
Права за достъп disable
942 ## - АРТИКУЛИ
Вид на библиотечния документ Грамофонни плочи
Скрит в OPAC Не
944 ## - СЪЗДАВАНЕ И РЕДАКЦИЯ на ЗАПИСА
Дата на регистрацията/редакция Вася Ганчева
Служител, извършил регистрацията/редакцията 30549
Статус, дата на статуса Вася Ганчева
Създаване/Редакция
999 ## - СИСТЕМНИ КОНТРОЛНИ НОМЕРА
Koha biblionumber 525065
Koha biblioitemnumber 525065
Наличности
Код за отписване Код за изгубен артикул Източник на класификационната схема Код за повреда Код за отдаване Артикулен № Име на библиотеката - собственик Име на библиотеката, в която се намира в момента Статус (Текущо местоположение) Дата на вписване в системата Местоположение - отдел Цена в лева Инвентарен номер Систематично азбучна сигнатура Баркод Цена в евро Служебен тип на артикула
  Не е изгубен Universal Decimal Classification Не е повреден ползва се в читалня 958435 Регионална библиотека "Любен Каравелов" Русе Регионална библиотека "Любен Каравелов" Русе Хранилище 2025-01-16 Основен фонд - ползва се само за читалня 6.00 18847 Ф ІІ 7872 900000112209 3.07 Грамофонни плочи
Vip Innovations Ltd, Rousse, Bulgaria 2025